000 00388nam a2200145 4500
999 _c3543
_d3543
008 200618b ||||| |||| 00| 0 eng d
082 0 0 _a546
_bD528
100 _92921
_aDe, A. K.
245 1 0 _aA textbook of inorganic chemistry /
_cby A. K. De
250 _a5th ed.
260 _aCalcutta
_bWiley Estern ltd
_c1974
300 _ax, 770 p.
650 0 _aInorganic Chemistry
942 _2ddc
_cBK